000 00634nam a22002417a 4500
008 240821b mp ||||| |||| 00| 0 mon d
040 _aSE0153081
_bmon
_cMN-UlNLM
_dMN-UlNLM
_erda
041 _amon
084 _2NNA
_a84.4Анг
_bД-393
100 _aДефо Д.
245 0 _aРобинзон Крузо
245 0 _b0
245 0 _cОрч.Э.Оюун
264 _aУБ
_bУХГ
_cгүй
300 _a204х
336 _2rdacontent
_atext
_btxt
337 _2rdamedia
_aunmediated
_bn
338 _2rdacarrier
_avolume
_bnc
505 _tОюун;
942 _2NNA
_cBK
999 _c1145845
_d1145902